[Event "Plzen op 5th"]
[Site "Plzen"]
[Date "2013.11.28"]
[Round "5"]
[White "Kroezen, Roland"]
[Black "Simacek, Vaclav"]
[Result "0-1"]
[WhiteElo "1704"]
[BlackElo "1829"]
[PlyCount "52"]
[EventDate "2013.11.24"]
[EventType "swiss"]
[EventRounds "7"]
[EventCountry "CZE"]
[SourceTitle "CBM 157 Extra"]
[Source "ChessBase"]
[SourceDate "2013.12.19"]
[SourceVersion "1"]
[SourceVersionDate "2013.12.19"]
[SourceQuality "1"]

1. e4 Nc6 2. d4 d5 3. e5 Bf5 4. Be3 f6 5. exf6 Nxf6 6. Bd3 Qd7 7. Ne2 0-0-0 8. Ng3 Bxd3 9. Qxd3 e5 10. c3 exd4 11. Bxd4 Re8+ 12. Kd1 Nxd4 13. Qxd4 c5 14. Qd3 Bd6 15. Nd2 Ng4 16. Qxd5 Re7 17. Qb3 Nxf2+ 18. Kc2 Nxh1 19. Nxh1 b5 20. Rf1 c4 21. Nxc4 bxc4 22. Qxc4+ Qc7 23. Qg4+ Kb8 24. h3 Rhe8 25. a3 g6 26. b4 Re3 0-1

[Event "London Classic op 4th"]
[Site "London"]
[Date "2012.12.05"]
[Round "5"]
[White "Matthew, Ian"]
[Black "Kroezen, Roland"]
[Result "1-0"]
[WhiteElo "1948"]
[BlackElo "1726"]
[PlyCount "61"]
[EventDate "2012.12.01"]
[EventType "swiss"]
[EventRounds "9"]
[EventCountry "ENG"]
[SourceTitle "CBM 151 Extra"]
[Source "ChessBase"]
[SourceDate "2012.12.18"]
[SourceVersion "1"]
[SourceVersionDate "2012.12.18"]
[SourceQuality "1"]

1. e4 c5 2. Nf3 d6 3. d4 cxd4 4. Nxd4 g6 5. c4 Bg7 6. Nc3 Nc6 7. Be3 Nf6 8. Be2 h5 9. h3 0-0 10. Nc2 Nd7 11. Qd2 b6 12. g4 h4 13. Bg5 Bf6 14. Bxf6 exf6 15. 0-0-0 Nc5 16. Qxd6 Bb7 17. Qxd8 Raxd8 18. f3 Ne5 19. Nd5 Kg7 20. f4 Nc6 21. Bf3 Rfe8 22. Rhe1 g5 23. Nce3 Ne7 24. b4 Bxd5 25. exd5 Nb7 26. Nc2 Nd6 27. c5 bxc5 28. bxc5 Nb5 29. d6 Ng6 30. Rxe8 Rxe8 31. Bc6 1-0

[Event "London Classic op 4th"]
[Site "London"]
[Date "2012.12.03"]
[Round "3"]
[White "Gibson, Christopher A"]
[Black "Kroezen, Roland"]
[Result "1-0"]
[WhiteElo "1975"]
[BlackElo "1726"]
[PlyCount "45"]
[EventDate "2012.12.01"]
[EventType "swiss"]
[EventRounds "9"]
[EventCountry "ENG"]
[SourceTitle "CBM 151 Extra"]
[Source "ChessBase"]
[SourceDate "2012.12.18"]
[SourceVersion "1"]
[SourceVersionDate "2012.12.18"]
[SourceQuality "1"]

1. d4 d5 2. c4 dxc4 3. Nf3 e6 4. e3 Nf6 5. Bxc4 Be7 6. 0-0 0-0 7. Qe2 Ne4 8. Nc3 Nd6 9. Bb3 b6 10. Rd1 Ba6 11. Qe1 Nf5 12. d5 exd5 13. Bxd5 Qc8 14. Bxa8 c6 15. Nd5 cxd5 16. Bxd5 Rd8 17. Bb3 Rxd1 18. Qxd1 Bb7 19. Bd2 Nh4 20. Nxh4 Bxh4 21. Qh5 Qd8 22. Qxf7+ Kh8 23. Qxb7 1-0

[Event "London Classic op 4th"]
[Site "London"]
[Date "2012.12.01"]
[Round "1"]
[White "Kroezen, Roland"]
[Black "Ethelontis, Alexandros N"]
[Result "0-1"]
[WhiteElo "1726"]
[BlackElo "2155"]
[PlyCount "112"]
[EventDate "2012.12.01"]
[EventType "swiss"]
[EventRounds "9"]
[EventCountry "ENG"]
[SourceTitle "CBM 151 Extra"]
[Source "ChessBase"]
[SourceDate "2012.12.18"]
[SourceVersion "1"]
[SourceVersionDate "2012.12.18"]
[SourceQuality "1"]

1. e4 e6 2. d4 d5 3. e5 c5 4. c3 Qb6 5. a4 Nc6 6. Nf3 Nh6 7. Bb5 Bd7 8. 0-0 Nf5 9. Na3 cxd4 10. Bxc6 Bxc6 11. cxd4 Be7 12. Nc2 Rc8 13. Ne3 0-0 14. b3 Bd7 15. Qd3 Qa6 16. Qxa6 bxa6 17. Nxf5 exf5 18. Bd2 Rb8 19. Rfb1 Rb7 20. b4 Rfb8 21. e6 Bxe6 22. Bf4 Rc8 23. b5 axb5 24. Rxb5 Rb6 25. Rab1 Rxb5 26. Rxb5 f6 27. Rb8 Rxb8 28. Bxb8 a6 29. Bc7 Bb4 30. g3 Bd7 31. a5 Kf7 32. Nh4 Ke6 33. Ng2 g5 34. Ne3 Bc3 35. Bb6 Bd2 36. Nf1 Bc3 37. Ne3 h5 38. f3 Kd6 39. Nc2 Kc6 40. Na3 Bb4 41. Nc2 Bd2 42. Kf2 Kb5 43. Bd8 Bxa5 44. Bxf6 g4 45. Bg5 Ka4 46. fxg4 fxg4 47. Be7 Kb3 48. Ne3 Be6 49. Ke2 Bc3 50. Kd3 Bf7 51. Bc5 a5 52. Nd1 Bg6+ 53. Ke3 Ba1 54. Bb6 a4 55. Kd2 a3 56. Ba5 Bxd4 0-1

[Event "Syre Memorial op 33th"]
[Site "Issy les Moulineaux"]
[Date "2010.05.15"]
[Round "3"]
[White "Kroezen, Roland"]
[Black "Sochacki, Wojtek"]
[Result "0-1"]
[WhiteElo "1703"]
[BlackElo "2266"]
[PlyCount "68"]
[EventDate "2010.05.13"]
[EventType "swiss"]
[EventRounds "6"]
[EventCountry "FRA"]
[SourceTitle "EXT 2011"]
[Source "ChessBase"]
[SourceDate "2010.11.26"]
[SourceVersion "1"]
[SourceVersionDate "2010.11.26"]
[SourceQuality "1"]

1. e4 c5 2. Nf3 Nc6 3. Bc4 e6 4. Nc3 a6 5. a3 Qc7 6. d3 Be7 7. Be3 Nf6 8. Qd2 h6 9. h3 b5 10. Ba2 Bb7 11. Bf4 d6 12. 0-0 Rd8 13. Rfe1 Ne5 14. Qe2 g5 15. Nxe5 dxe5 16. Be3 Rg8 17. f3 Nh5 18. Qf2 Rg6 19. Ne2 Nf4 20. Kf1 Bd6 21. b4 Rc8 22. Nxf4 gxf4 23. Bxc5 Bxc5 24. Qxc5 Qxc5 25. bxc5 Rxc5 26. c4 Kd7 27. cxb5 Rc2 28. bxa6 Rgxg2 29. Red1 Bxa6 30. Bc4 Rgf2+ 31. Kg1 Bxc4 32. dxc4+ Kc7 33. Rd3 Rg2+ 34. Kh1 Rh2+ 0-1